The geography of tourism and recreation (Record no. 17114)

MARC details
000 -LEADER
fixed length control field 00608nam a22002057a 4500
008 - FIXED-LENGTH DATA ELEMENTS--GENERAL INFORMATION
fixed length control field 180808b xxu||||| |||| 00| 0 eng d
020 ## - INTERNATIONAL STANDARD BOOK NUMBER
International Standard Book Number 0415335612
040 ## - CATALOGING SOURCE
Original cataloging agency KABU
Transcribing agency KABU
050 ## - LIBRARY OF CONGRESS CALL NUMBER
Classification number G156.5
Item number .A1H35 2006 c. 1
100 ## - MAIN ENTRY--PERSONAL NAME
Personal name Hall, C. Michael
245 ## - TITLE STATEMENT
Title The geography of tourism and recreation
Remainder of title environment, place and space
Statement of responsibility, etc. C. Michael Hall and Stephen J. Page
250 ## - EDITION STATEMENT
Edition statement 3rd ed.
260 ## - PUBLICATION, DISTRIBUTION, ETC. (IMPRINT)
Place of publication, distribution, etc. London
Name of publisher, distributor, etc. Routledge
Date of publication, distribution, etc. 2006
300 ## - PHYSICAL DESCRIPTION
Extent xxi, 427 p.
650 ## - SUBJECT ADDED ENTRY--TOPICAL TERM
Topical term or geographic name as entry element Tourism
650 ## - SUBJECT ADDED ENTRY--TOPICAL TERM
Topical term or geographic name as entry element recreation
650 ## - SUBJECT ADDED ENTRY--TOPICAL TERM
Topical term or geographic name as entry element Recreation areas
700 ## - ADDED ENTRY--PERSONAL NAME
Personal name Page, Stephen J.
942 ## - ADDED ENTRY ELEMENTS (KOHA)
Source of classification or shelving scheme Library of Congress Classification
Koha item type General Collection
Classification part G156.5
Holdings
Withdrawn status Lost status Source of classification or shelving scheme Not for loan Home library Current library Date acquired Cost, normal purchase price Total Checkouts Full call number Barcode Date last seen Copy number Price effective from Koha item type
    Library of Congress Classification   Kabarak, Main Campus Kabarak, Main Campus 08/08/2018 6950.00   G156.5 .A1H35 2006 c. 1 025930 08/08/2018 c. 1 08/08/2018 General Collection
    Library of Congress Classification   Kabarak, Main Campus Kabarak, Main Campus 08/08/2018 6950.00   G156.5 .A1H35 2006 c. 2 025931 08/08/2018 c. 2 08/08/2018 General Collection
Designed with assistance from East African Informatics Ltd